000 00272nam a2200097Ia 4500
001 919285
005 20250826185948.0
008 250824s9999 xx 000 0 und d
245 0 _aBAŞKA AYRILIK AYRI AŞK BİTİŞİK YAZILIR
_cKAHRAMAN TAZEOĞLU
260 _bDESTEK YAYINLARI
999 _c919285
_d919285